| 000 | 00000nam 2200000za 4500 |
| 001 | 9.641159 |
| 003 | CaOODSP |
| 005 | 20210624223043 |
| 007 | cr ||||||||||| |
| 008 | 150407s2013||||xxc|||||o f|0| 0 fre d |
| 020 | |a978-0-662-72243-4 |
| 040 | |aCaOODSP|bfre |
| 043 | |an-cn--- |
| 086 | 1 |aEn14-80/2013F-PDF |
| 110 | 1 |aCanada. |bEnvironnement Canada. |
| 245 | 10|aFiche d'information sur le Règlement sur certaines substances toxiques interdites (2012) |h[ressource électronique] |
| 260 | |aOttawa - Ontario : |bEnvironnement Canada |cc2012. |
| 300 | |a3p.|btableaux |
| 590 | |a13-03|b2013-01-18 |
| 691 | 07|aProduit toxique|2gcpds |
| 691 | 07|aRèglements|2gcpds |
| 775 | 08|tFact sheet for the Prohibition of Certain Toxic Substances Regulations, 2012 |w(CaOODSP)9.697092 |
| 794 | |tRèglement sur certaines substances toxiques interdites.|w(CaOODSP)9.860716 |
| 856 | 40|ahttp://publications.gc.ca|qPDF|s145 Ko|uhttps://publications.gc.ca/collections/collection_2013/ec/En14-80-2013-fra.pdf |